The anchor Bible : (Record no. 5407)
[ view plain ]
| 000 -LEADER | |
|---|---|
| fixed length control field | 00891nam a22002297a 4500 |
| 003 - CONTROL NUMBER IDENTIFIER | |
| control field | AUA.1 |
| 005 - DATE AND TIME OF LATEST TRANSACTION | |
| control field | 20150226125834.0 |
| 008 - FIXED-LENGTH DATA ELEMENTS--GENERAL INFORMATION | |
| fixed length control field | 120111t xxu||||| |||| 00| 0 eng d |
| 010 ## - LIBRARY OF CONGRESS CONTROL NUMBER | |
| LC control number | 83-2056 |
| 020 ## - INTERNATIONAL STANDARD BOOK NUMBER | |
| International Standard Book Number | 9780300139839 |
| 040 ## - CATALOGING SOURCE | |
| Transcribing agency | JTL |
| 050 ## - LIBRARY OF CONGRESS CALL NUMBER | |
| Classification number | BS 2341.2 |
| Item number | .A53 2005 |
| 100 ## - MAIN ENTRY--PERSONAL NAME | |
| Personal name | Furnish, Victor Paul |
| 9 (RLIN) | 18641 |
| 245 ## - TITLE STATEMENT | |
| Title | The anchor Bible : |
| Remainder of title | II Corinthians / |
| Statement of responsibility, etc | Victor Paul Furnish. |
| 260 ## - PUBLICATION, DISTRIBUTION, ETC. (IMPRINT) | |
| Place of publication, distribution, etc | New Haven |
| -- | London |
| -- | Doubleday |
| Name of publisher, distributor, etc | Yale University Press, |
| Date of publication, distribution, etc | 2005 |
| 300 ## - PHYSICAL DESCRIPTION | |
| Extent | xxii, 619 p. : |
| Dimensions | 23 cm. |
| 440 ## - SERIES STATEMENT/ADDED ENTRY--TITLE | |
| Title | The anchor Bible : |
| Number of part/section of a work | vol. 32a. |
| 9 (RLIN) | 48515 |
| 504 ## - BIBLIOGRAPHY, ETC. NOTE | |
| Bibliography, etc | Includes Indexes. |
| 650 ## - SUBJECT ADDED ENTRY--TOPICAL TERM | |
| Topical term or geographic name as entry element | The anchor Bible : |
| Form subdivision | II Corinthians |
| 9 (RLIN) | 18642 |
| 942 ## - ADDED ENTRY ELEMENTS (KOHA) | |
| Source of classification or shelving scheme | Library of Congress Classification |
| Koha item type | Reference Book |
| Classification part | BS 2341.2 |
| Item part | .A53 2005 |
| Withdrawn status | Lost status | Source of classification or shelving scheme | Damaged status | Not for loan | Collection code | Home library | Current library | Shelving location | Date acquired | Source of acquisition | Cost, normal purchase price | Serial Enumeration / chronology | Full call number | Barcode | Date last seen | Copy number | Cost, replacement price | Price effective from | Koha item type |
|---|---|---|---|---|---|---|---|---|---|---|---|---|---|---|---|---|---|---|---|
| Library of Congress Classification | Reference Shelves | Judith Thomas Library | Judith Thomas Library | Reference Books | 11/01/2012 | Donation, Biblical Research Institute | 10.00 | AUA006448 | BS 2341.2. A53 2005 | AUA006448 | 11/01/2012 | v.32a | 10.00 | 11/01/2012 | Reference Book |